000 00751cam a2200277 4500500
005 20260405001557.0
041 _afre
042 _adc
100 1 0 _aEltchaninoff, Michel
_eauthor
245 0 0 _aRésonances / Octobre 2013
260 _c2013.
500 _a40
690 _aBo Xilai
690 _aChine
690 _aCorruption
690 _aDémocratie
690 _aÉgypte
690 _aFiscalité
690 _aFrères musulmans
690 _aJustice
690 _aLégitimité
690 _aLuxe
690 _aYves Michaud
786 0 _nPhilosophie magazine | 73 | 10 | 2013-10-01 | p. 12-12 | 1951-1787
856 4 1 _uhttps://shs.cairn.info/magazine-philosophie-magazine-2013-10-page-12?lang=fr&redirect-ssocas=7080
999 _c2048973
_d2048973